000 00411nam a2200181Ia 4500
001 3501
005 20260306145648.0
008 260306t2016||||xx |||||||||||||| ||spa||
041 _aESP
082 _a282.2
_bN49
100 _aNewman, John Henry
_eAUT
245 0 _aEsperando a Cristo
260 _c2016
300 _a127 páginas :
_c20 cm.
650 _aGEN
654 _aCHU
942 _cLIB
_dJUS
_fJUS
_2ddc
_n
999 _c3501
_d3501